000 00291nam a2200133Ia 4500
008 220613s9999||||xx |||||||||||||| ||und||
100 _aKuvalyananda Swami
245 0 _aPranayam ( Hindi)
250 _a3rd(2012)
260 _bKevalthdham
300 _a200
650 _aYoga
942 _cGB
999 _c11164
_d11164